000 00602nam a2200205Ia 4500
005 20250923145125.0
008 008 250917s9999 xx 000 0 eng d
037 _aTextual
040 _aDSWL
_beng
_cDSWL
041 _aeng
_2eng
084 _aY73(O6).2153, N68
_qDSWL
100 _aKoshy, Ninan
_9832005
245 0 _aCaste in the Kerala churches
_cby Ninan Koshy
260 _aBanglore
_bIndian Institute for the study of R & S.
_c1968
300 _ax,277,15 p.
365 _aINR
_b3
925 _g3
942 _cTEXL
_hY73(O6).2153, N68
999 _c1447442
_d1447442